Normal view
MARC view
Entry Personal Name
001 - CONTROL NUMBER
- control field: 219360
003 - CONTROL NUMBER IDENTIFIER
- control field: MY-SjTCS
005 - DATE AND TIME OF LATEST TRANSACTION
- control field: 20200306154942.0
008 - FIXED-LENGTH DATA ELEMENTS
- fixed length control field: 200306|| aca||aabn | a|a d
040 ## - CATALOGING SOURCE
- Original cataloging agency: MY-SjTCS
- Transcribing agency: MY-SjTCS
100 ## - HEADING--PERSONAL NAME
- Personal name: O'Keeffe, Georgia,
- Dates associated with a name: 1887-1986
670 ## - SOURCE DATA FOUND
- Source citation: Work cat.: (MY-SjTCS)34750: O'Keeffe, Georgia, 1887-1986. 219359, Georgia O'Keeffe :, 2007.